000 00487nmm a2200169Ia 4500
008 251105s9999||||xx |||||||||||||||||und||
020 _a9788499401898
041 _aspa
100 _aSanabria, Carolina
245 0 _aContemplación de lo íntimo
264 _a[Madrid, España] :
_bBiblioteca Nueva,
_c2011
300 _a311 páginas
490 _aBiblioteca otras eutopías
650 _aCultural Studies
856 _uhttps://public.digitaliapublishing.com/a/12860
942 _cCF
999 _c92616
_d92616